<?xml version="1.0" encoding="UTF-8"?>
<marc:record xmlns:marc="http://www.loc.gov/MARC21/slim">
   <marc:leader>00000nam a2200000 a 4500</marc:leader>
   <marc:datafield ind1="1" ind2=" " tag="100">
      <marc:subfield code="a">Wardetzki, Bärbel</marc:subfield>
      <marc:subfield code="4">aut</marc:subfield>
      <marc:subfield code="e">Verfasser/-in</marc:subfield>
   </marc:datafield>
   <marc:datafield ind1=" " ind2=" " tag="653">
      <marc:subfield code="a">Kränkung</marc:subfield>
   </marc:datafield>
   <marc:datafield ind1="0" ind2="0" tag="245">
      <marc:subfield code="a">Nimm's bitte nicht persönlich</marc:subfield>
   </marc:datafield>
   <marc:datafield ind1="0" ind2="0" tag="245">
      <marc:subfield code="b">der gelassene Umgang mit Kränkungen</marc:subfield>
   </marc:datafield>
   <marc:datafield ind1="0" ind2="0" tag="245">
      <marc:subfield code="c">Bärbel Wardetzki</marc:subfield>
   </marc:datafield>
   <marc:datafield ind1=" " ind2="1" tag="264">
      <marc:subfield code="a">München</marc:subfield>
      <marc:subfield code="b">Kösel</marc:subfield>
      <marc:subfield code="c">2012</marc:subfield>
   </marc:datafield>
   <marc:datafield ind1="1" ind2=" " tag="520">
      <marc:subfield code="a">Orientierungshilfe im Kränkungsgewirr mit praktischen Übungen. (PP) Nur eine Expertin wie Bärbel Wardetzki, die sich ausführlich in anderen Büchern mit Narzissmus und Kränkungen beschäftigt hat, kann ein derart dünnes Buch über den großen Komplex von Kränkungen schreiben. Ihr gelingt es hier, komprimiert, in vier Abschnitte eingeteilt, Kränkungsdynamiken zu analysieren und aufzulösen, manchmal auch nur zu lockern. Bärbel Wardetzki setzt sowohl bei den zwischenmenschlichen Kränkungen, den Leichen im eigenen Keller an und führt zu den großen Konflikten - zu Kriegen und Gewaltverbrechen. Was veranlasst das Gegenüber, einen zu kränken, und welche Prozesse laufen im Gekränkten ab? Nehmen Menschen Kritik an, hören sie sie als ganzheitliche Abwertung? Kränkungshandlungen sind nichts Objektives: Das ist einerseits tröstlich, fordert aber andererseits heraus. Ein Buch, das allen Bibliotheken zu empfehlen ist: Kein Trostpflaster, kein Selbsthilfe-Crashkurs, sondern solide Analyse wird hier geboten und das ist sehr viel.</marc:subfield>
   </marc:datafield>
   <marc:datafield ind1=" " ind2=" " tag="020">
      <marc:subfield code="a">9783466309702</marc:subfield>
      <marc:subfield code="9">9783466309702</marc:subfield>
   </marc:datafield>
   <marc:datafield ind1=" " ind2=" " tag="300">
      <marc:subfield code="a">111 S.</marc:subfield>
   </marc:datafield>
</marc:record>
